[Event "Reggio Emilia 54th"]
[Site "Reggio Emilia"]
[Date "2011.12.27"]
[Round "1"]
[White "Caruana, Fabiano"]
[Black "Morozevich, Alexander"]
[Result "0-1"]
[WhiteElo "2727"]
[BlackElo "2762"]
[Annotator "Marin,M"]
[PlyCount "98"]
[EventDate "2011.12.27"]
[EventType "tourn"]
[EventRounds "10"]
[EventCountry "ITA"]
[EventCategory "20"]
[SourceTitle "CBM 146"]
[Source "ChessBase"]
[SourceDate "2012.01.18"]
[SourceVersion "1"]
[SourceVersionDate "2012.01.18"]
[SourceQuality "1"]

1. e4 e5 2. Nf3 Nc6 3. Bb5 a6 4. Ba4 Nf6 5. O-O Be7 6. Re1 b5 7. Bb3 d6 8. c3
O-O 9. h3 Re8 10. d4 Bb7 11. Nbd2 Bf8 12. a4 h6 ({Some time ago, Morozevich
introduced to high level practice} 12... Na5 {obtaining good results with it,
see my comments to Volokitin,A (2662)-Morozevich,A (2731)/Biel 2006/CBM 114/
[Marin,M] (0-1, 59). Over the past few years, he has switched to the approved
game continuation, though.}) 13. Bc2 exd4 14. cxd4 Nb4 15. Bb1 c5 16. d5 Nd7
17. Ra3 c4 (17... f5 18. Nh2 (18. g4 $5 {Kasimdzhanov,R (2673)-Ivanchuk,V 
(2731)/Turin 2006/CBM 113/[Postny] (1-0, 46)}) 18... Nf6 19. Rf3 {Karjakin,S 
(2660)-Bacrot,E (2717)/Wijk aan Zee 2006/CBM 111/[Finkel,A] (1-0, 41)}) 18.
axb5 {This is supposed to be the best move order. Before attacking b5, White
exchanges pawns.} (18. Nd4 {allows the intermediate} Qf6 19. N2f3 Nc5 20. axb5
axb5 21. Nxb5 Rxa3 22. Nxa3 Ba6 $44 {Shirov,A (2739)-Anand,V (2801)/Moscow
2007/EXT 2008 (0-1, 41). Black's pieces are more harmoniously placed than in
the main game.}) 18... axb5 19. Nd4 Ne5 {Deviating from two recent games of
his, but sacrificing a pawn for the initiative anyway.} (19... Rxa3 20. bxa3
Nd3 21. Bxd3 cxd3 22. Bb2 Qa5 23. Re3 Nc5 24. h4 (24. Nf5 g6 25. Ng3 b4 26. Nh5
bxa3 27. Nf6+ Kh8 28. Ba1 Rc8 29. Ne8+ Kg8 30. Nf6+ Kh8 31. Nh5+ {1/2
Stellwagen,D (2612)-Morozevich,A (2771)/Wijk aan Zee 2009/CBM 129}) 24... Bc8
25. Nc6 Qa4 26. Qxa4 bxa4 27. Nb4 f5 $1 $132 {Stellwagen,D (2627)-Morozevich,A
(2762)/Porto Carras 2011/CBM 146 (1/2, 50)}) (19... Qb6 {has the drawback of
taking the queen a bit far from the kingside, allowing White to start a
dangerous (although possibly withstandable) attack:} 20. Nf5 g6 (20... Ne5 21.
Rg3 {Anand,V (2788)-Adams,M (2719)/San Luis 2005/CBM 110/[Stohl] (1-0, 32)})
21. Nf1 Rxa3 (21... gxf5 22. Rg3+ Kh8 23. Qh5 $40) 22. bxa3 Nxd5 23. exd5 Rxe1
24. Qxe1 gxf5 25. Bxf5 Ne5 26. Qc3 Bg7 27. Qg3 Kf8 28. Qh4 Bxd5 29. Ng3 $44 {
Volokitin,A (2645)-Azarov,S (2583)/Moscow 2007/CBM 117 (1/2, 39)}) 20. Rxa8 {
Forcing the queen on to a more passive square than b6.} (20. Nxb5 Qb6 $1 21.
Rxa8 Rxa8 {looks more active for Black than the game continuation.} 22. Na3 Ba6
(22... Rc8 {Stellwagen,D (2621)-Nijboer,F (2558)/Hilversum 2008/CBM 124 (1/2,
34)} 23. b3 $5) 23. Nf3 ({Here, too} 23. b3 $5 {comes into consideration,
although Black is better prepared against it.}) 23... Nbd3 24. Bxd3 Nxd3 25.
Re3 Be7 $36 {Sax,G (2545)-Wells,P (2495)/Balatonbereny 1997/EXT 2001 (0-1, 31)}
) 20... Qxa8 (20... Bxa8 {makes little sense, because the bishop will need two
tempi to get back into play.}) 21. Nxb5 Rc8 (21... Qa1 {may be too optimistic,
since the queen can easily get in danger.} 22. Re3 (22. Na3 Ba6 23. Nc2 Nxc2
24. Bxc2 Rc8 25. Nb1 g6 {Topalov,V (2743)-Almasi,Z (2676)/Monte Carlo 2003/CBM
093 ext (1-0, 54)} 26. Qd4 $5 {[%cal Gd4b6]}) 22... Ned3 23. Nc3 Ba6 $4 {
Blocking the queen's retreat, which should have had fatal consequences.} (23...
Rc8 $44) 24. Nf1 $2 {Missing his chance.} (24. Bxd3 Nxd3 25. Rxd3 $1 cxd3 26.
Nb3 $18) 24... Nxc1 25. Qxc1 Nd3 26. Qd2 Rb8 $44 {Kotronias,V (2626)
-Mastrovasilis,A (2496)/Kalamata 2005/CBM 109 ext (0-1, 66)}) 22. Re3 (22. Na3
{Leko,P (2694)-Alvarez Villar,H (2321)/ICCF email 1997/Corr 2002/[Ftacnik] (1/
2, 27)}) (22. Nf3 {Shirov,A (2704)-Lekic,D (2410)/Neum 2002/CBM 090/[Wedberg] 
(1-0, 36)}) 22... Ba6 23. Nc3 {A solid move, safely blocking the c-pawn, but
which has the drawback of blocking the rook's access to the a-file.} (23. Nd4
Nbd3 24. N2f3 Qb7 25. Bxd3 (25. Nxe5 dxe5 26. Nc6 Nxb2 $13) 25... Nxd3 26. Qc2
Rb8 (26... g6 $5) 27. Nc6 Qb3 28. Qd2 Re8 29. Kh2 ({If he planned to offer the
knight exchange, he should have done it at once with} 29. Ne1 $5 {, while the
knight is pinned.}) 29... Qa4 30. Ne1 Nc5 31. Ra3 Qb5 $13 {Pavlovic,M (2500)
-Jenni,F (2525)/Bad Woerishofen 2002/EXT 2003 (1/2, 41)}) (23. Ra3 $5 $146 {
also deserves attention.} Ned3 ({The thematic sacrifice} 23... Bxb5 24. Rxa8
Rxa8 {does not seem to work out properly:} 25. f4 Ned3 26. Kh2 $1 Ra1 27. Qg1
$16 {Only this regrouping, planning Qb6, poses Black problems. Otherwise, it
is not clear how White could compensate for the piece jam.}) 24. Nd4 Qa7 $44 {
[%cal Ga7b6]}) 23... Ned3 24. Bxd3 $146 ({Previously, White exchanged the
other knight:} 24. Na2 Nxa2 25. Bxa2 {Das,A (2411)-Babu,N (2298)/Hyderabad
2005/CBM 110 (1/2, 31)} c3 $1 $146 26. bxc3 $8 Rxc3 27. Nb3 $8 Nxc1 28. Nxc1
Rxe3 29. fxe3 Be7 $44) ({Actually, he could have delayed the exchange with} 24.
Nf3 $5 $146 {although after} Qb7 {it is not easy to avoid transposing to the
game, because not so many useful moves are available. For instance,} 25. Re2 {
places the rook on an exposed square, encouraging} Nxc1 26. Qxc1 Nd3 $44) 24...
Nxd3 25. Nf3 Qb7 26. Re2 Be7 $1 {The fastest way of activating the bishop.
With the h-pawn on its initial square, ...g6 would have been stronger,
avoiding back rank problems and creating the possibility of both ...Bg7 and ...
Bh6.} 27. Nd4 Bf6 28. Nf5 (28. Nc6 {may look more tempting, but the knight is
not too stable here:} Qb3 $5 {wins an important tempo for ...Bb5.} 29. Rc2 (29.
Qxb3 cxb3 $17 30. Be3 Bxc3 31. bxc3 b2 32. Ne7+ Kf8 33. Rxb2 Nxb2 34. Nxc8 Bxc8
$19) 29... Bb7 30. Na5 Qb4 31. Nxb7 Qxb7 $44 {White has exchanged his active
knight for the relatively passive black bishop. Having been left with very
active pieces only, Black has excellent compensation for the pawn.}) 28... Qb3
29. Rc2 (29. Qxb3 cxb3 $19 {is similar to one of the sub-lines above.}) 29...
Rd8 {Planning to kick the enemy knight away with ...Bc8, and then develop the
initiative with ...Re8. White has to react quickly.} 30. Be3 $1 Nxb2 (30... Bc8
31. Nd4 (31. Bd4 Bxf5 32. Bxf6 Re8 $1 33. Bd4 Bxe4) 31... Nxb2 32. Qd2 Bxd4 33.
Bxd4 Nd3 34. Ra2 $14) 31. Qd2 Nd3 32. Bd4 $1 {Stabilising White's position on
the dark squares.} (32. Bxh6 gxh6 33. Qxh6 Qxc2 34. Qxf6 Qxf2+ $1 $11 {with
perpetual check.}) 32... Be5 $6 {An original, but not optimal decision. Black
fights for space, but allows White to create a dangerous passed pawn.} (32...
Bxd4 33. Nxd4 Qb6 34. Nc6 Re8 35. Ra2 Bb7 36. Na5 Ba6 $11) 33. Bxe5 dxe5 34.
Ra2 $14 Bb5 (34... Bc8 35. Ne7+ Kh7 36. Nc6 $16) 35. Ra1 (35. Nxb5 Qxb5 36. Kh2
$5 $14) 35... Bd7 36. Ne3 Rc8 (36... Qb4 $1 $132 {[%cal Gb4c5,Gc5d4]}) 37. Ra7
Nc5 38. Qc1 Qb6 39. Qa3 Qb3 40. Qa1 Kh7 41. Kh2 $5 {A prophylactic move,
famously used by Kasparov against Karpov, in a game where the same variation
was played.} (41. d6 Qb8 42. Ncd5 c3 $132) 41... Qb6 $2 {Giving up a pawn for
nothing, but Black's position was difficult already. It is not easy to make a
waiting move that does not harm the position.} (41... Kg8 42. d6 Qb8 43. Ncd5
$16 {[%csl Gg8][%cal Gd5e7]}) (41... Kh8 42. d6 Qb8 43. Ncd5 c3 44. Rc7 Qb2 45.
Qa5 $1 $18 {With the white king on g1, Black would win with ...Nxe4, but here
this would be wasted effort while the black king is exposed on the back rank.})
(41... f6 $5 $16 {[%cal Ga7g7] looks solid, but the seventh rank becomes
vulnerable.}) (41... h5 $5 {weakens the king, too, and allows WHite to win a
tempo with Qd1 in certain forced lines.}) 42. Nxc4 Qf6 43. Qf1 Be8 44. d6 Qd8
45. Nd5 Bb5 46. Rxf7 Nxe4 47. Nc7 $4 (47. Qd3 Rxc4 48. d7 $18 {leaves Black
for dead..}) 47... Bxc4 48. Qxc4 Nxd6 49. Ne6 Nxc4 0-1

[Event "Reggio Emilia 54th"]
[Site "Reggio Emilia"]
[Date "2012.01.02"]
[Round "6"]
[White "Morozevich, Alexander"]
[Black "Caruana, Fabiano"]
[Result "0-1"]
[WhiteElo "2762"]
[BlackElo "2727"]
[Annotator "Caruana,F"]
[PlyCount "88"]
[EventDate "2011.12.27"]
[EventType "tourn"]
[EventRounds "10"]
[EventCountry "ITA"]
[EventCategory "20"]
[SourceTitle "CBM 146"]
[Source "ChessBase"]
[SourceDate "2012.01.18"]
[SourceVersion "1"]
[SourceVersionDate "2012.01.18"]
[SourceQuality "1"]

1. d4 Nf6 2. c4 g6 3. Nc3 d5 4. Bg5 Ne4 5. h4 {A rare line which has gained
some popularity recently.} Bg7 6. e3 c5 7. cxd5 Nxc3 8. bxc3 Qxd5 9. Qf3 Qxf3 (
{I also considered} 9... Qf5 {, but the unpleasant check} 10. Bb5+ {disrupts
Black's plans.} Nd7 11. Qxf5 gxf5 12. Ne2 {is slightly better for White due to
Black's doubled f-pawns.}) 10. Nxf3 Nc6 {An inaccuracy, after which White
obtains slight pressure.} (10... Bf5 {was a stronger move, after which the
play is approximately equal.}) 11. Rb1 Na5 (11... b6 {was also possible. I had
missed an important detail in the following line:} 12. Bd3 Be6 13. Be4 Rc8 14.
d5 Bxc3+ 15. Ke2 {, and here I didn't notice that Black has an advantage after}
f5 $1) 12. Bb5+ Bd7 13. Ke2 Rc8 14. Bxd7+ Kxd7 15. Rb5 $5 {Embarking on an
interesting plan, which doesn't offer any objective advantage but puts Black
under strong pressure.} ({I had expected} 15. Rhd1 cxd4 16. cxd4 Rc2+ 17. Rd2
Rhc8 {, with equal play.}) 15... b6 16. dxc5 Rxc5 17. Rxc5 bxc5 18. Rd1+ Ke6 {
The pawn structure suggests a drawish position, but the vulnerable position of
Black's king adds a sharper element to the position.} 19. e4 Bxc3 {I decided
to bite the bullet and take the pawn on offer, although it took a fair bit of
calculation to make sure I wasn't running into any mating attack.} ({A safer
option was} 19... h6 20. Be3 Nb7 {, and after ...Nd6 Black will hold the
position easily.}) 20. Be3 Bf6 21. h5 $5 {Continuing to sharpen to play. After
the routine 21.Bxc5 the game would have petered out to equality.} (21. Bxc5 Rc8
22. Bxa7 Ra8 23. Nd4+ Bxd4 24. Bxd4 Nc6 {, with an inevitable draw.}) 21... Rc8
22. h6 {Tightening the noose around Black's king. The position look very
unusual and complicated, but it always remains about equal: Black is totally
tied up, but White can't make much use of it.} Nc4 23. Bf4 Nb2 24. Rd5 c4 {
There were many other possibilities as well. This move allows White to force a
draw immediately, which due to my lack of time, I wasn't opposed to.} ({
For example,} 24... Na4 25. Rd2 Nc3+ 26. Ke3 c4 27. e5 Nd5+ 28. Ke4 Nc3+ 29.
Ke3 Nd5+ {leads to a draw.}) ({Or even} 24... a6 $5 {, when White's next move
isn't entirely clear.}) 25. Ra5 {A decision to continue the struggle, which
was to be expected from a fighter like Morozevich, but objectively Black's
position is fine here.} (25. Be5 {forces perpetual:} Bxe5 26. Ng5+ Kf6 27.
Nxh7+ Ke6 28. Ng5+ $11) 25... Nd3 26. Be3 Rb8 27. Nd4+ (27. Ra6+ Kd7 28. Rxa7+
Ke8 {, and Black's counterplay with ...Rb2 is enough to at least hold the
balance, and even claim the initiative if White gets careless.}) 27... Kd7 {
A good move. Giving up my bishop would hand White the initiative.} 28. Kd2 {
White is losing the thread.} ({There is no reason for White to avoid} 28. Rxa7+
Ke8 29. Nc2 Rb2 30. Kd1 {, with a safe position.}) 28... Rb7 29. g4 $2 {
And this is a really big mistake.} (29. Nc2 {still should be enough for
equality.}) 29... e6 $2 {Playing too routinely and missing a big chance in
time trouble.} ({The strong} 29... Bh4 $1 {, which I noticed seconds after I
played 29...e6, gives Black a nearly decisive advantage.}) 30. f3 Bd8 {Black
has consolidated his extra pawn, but matters remain far from simple. The
advanced h6-pawn gives White good counterchances.} 31. Ra4 Nb2 32. Ra6 Bb6 33.
Nc2 Nd3 34. Bxb6 axb6 35. g5 (35. Ra8 f6 36. Rg8 {is enough for equality.})
35... Nf4 36. Ne3 Kc6 37. Ng4 Kb5 38. Ra8 Rc7 39. Nf6 $2 {A very natural move
and a decisive error!} ({The computer demonstrates a study-like defence:} 39.
Kc2 $1 Ne2 40. Ne5 $1 c3 41. Kd3 $1 c2 $2 ({Black should concede a draw with} 
41... Nf4+ 42. Kc2 Ne2 $11) 42. Kxe2 c1=Q (42... Rc3 43. Nd3 Rxd3 44. Rc8) 43.
a4+ {, and after any king move Nd3+ wins!}) 39... c3+ 40. Kc2 Ne2 {Now Black's
c-pawn wins.} 41. Rd8 Kc4 42. Nd7 (42. Nxh7 Nd4+ 43. Kc1 Ra7 44. Nf6 Rxa2 {
wins.}) 42... Nd4+ 43. Kc1 c2 44. Nxb6+ Kd3 {White can't stop ...Ke3 and ...
Ne2, so he resigned. A good start for my first game of the new year! This also
marked my comeback from a difficult -2 position in the tournament, finally
finishing with a decent +1 and shared second place.} 0-1

[Event "Tata Steel-A 74th"]
[Site "Wijk aan Zee"]
[Date "2012.01.15"]
[Round "2"]
[White "Caruana, Fabiano"]
[Black "Karjakin, Sergey"]
[Result "1-0"]
[WhiteElo "2736"]
[BlackElo "2769"]
[Annotator "Krasenkow,M"]
[PlyCount "129"]
[EventDate "2012.01.14"]
[EventType "tourn"]
[EventRounds "13"]
[EventCountry "NED"]
[EventCategory "21"]
[SourceTitle "CBM 147"]
[Source "ChessBase"]
[SourceDate "2012.03.16"]
[SourceVersion "1"]
[SourceVersionDate "2012.03.16"]
[SourceQuality "1"]

1. d4 Nf6 2. c4 e6 3. Nc3 Bb4 4. e3 O-O 5. Nge2 d5 6. a3 Be7 7. cxd5 exd5 8. b4
c6 9. Ng3 b5 {Black starts queenside counterplay.} (9... Re8 {is more common
here.}) 10. Bd2 (10. Rb1 a5 11. Qc2 axb4 12. axb4 Bd6 (12... Na6 $144 13. Na2
Bd7 14. Bd3 Re8 15. O-O Bd6 16. f3 Qc7 17. Qf2 Be6 18. Bd2 Qe7 19. Rfc1 Nb8 20.
Rb2 Ra3 21. Rc3 Ra6 $15 {0-1 El Gindy,E (2510)-Almasi,Z (2726)/Khanty-Mansiysk
2011/CBM 145 (36)}) 13. Bd3 Qe7 14. Qb2 Na6 15. Na2 Ne4 16. O-O f5 17. Bd2 Rf6
18. f4 Rh6 19. Bxe4 fxe4 20. Be1 Bd7 $15 {1/2 Vaisser,A (2490)-Horvath,J (2520)
/Sochi 1985/MCD (46)}) 10... Nbd7 $6 {An inaccurate move, after which White
seizes the initiative on the queenside.} (10... Be6 11. a4 Bxb4 12. axb5 Qe7
13. Na4 Nfd7 14. Bxb4 Qxb4+ 15. Qd2 Qd6 16. Bd3 cxb5 17. Bxb5 $14 {1-0 Graf,A 
(2405)-Smagin,S (2495)/Pinsk 1986/EXT 2000 (80)}) (10... Bg4 11. f3 Be6 12. a4
Bxb4 13. axb5 c5 14. Na4 Bxd2+ 15. Qxd2 c4 16. Be2 Nbd7 17. Nc3 h5 18. Bd1 h4
19. Nge2 Bf5 20. Nf4 Nb6 21. g4 $1 $14 {1-0 Smirnov,A (2286)-Loginov,V (2524)/
St Petersburg 2002/CBM 089 (47)}) (10... Re8 11. Bd3 Nbd7 12. a4 Bxb4 13. axb5
c5 14. O-O c4 15. Bc2 a5 16. e4 dxe4 17. Ncxe4 Bb7 18. Bxb4 Nxe4 19. Bxe4 Bxe4
20. Nxe4 Rxe4 21. Bc3 Nf6 $11 {1-0 Socko,M (2486)-Dzagnidze,N (2534)/
Khanty-Mansiysk 2010/CBM 139 (41)}) (10... a5 $5 {looks the most logical, e.g.}
11. bxa5 Rxa5 12. a4 b4 (12... bxa4 13. Nxa4 Ra7 14. Bd3 Bd6 15. f3 Re8 16. Kf2
h5 17. Qc2 Qc7 18. Ne2 Na6 19. Rab1 Qe7 $132 {1-0 Manolache,M (2437)-Burnoiu,N
(2431)/Curtea de Arges 2002/CBM 091 ext (63)}) 13. Na2 c5 14. dxc5 Bxc5 15.
Nxb4 d4 16. Nd3 dxe3 17. fxe3 Re8 18. Bxa5 Qxa5+ 19. Qd2 Qxd2+ 20. Kxd2 Bxe3+
21. Kc2 Nc6 $44 {1/2 Graf,R (2353)-Prudnikova,S (2419)/Warsaw 2001/CBM 082 ext
(54)}) 11. a4 $1 Bxb4 12. axb5 c5 13. Qb3 {I am not sure this move is
necessary.} (13. Bd3 {brought White a clear advantage in the following game:}
c4 $6 (13... cxd4 $142 14. exd4 Re8+ 15. Nce2) 14. Bc2 Nb6 15. O-O Re8 16. h3
g6 17. Qf3 Bb7 18. Rfb1 Bxc3 19. Bxc3 Ne4 20. Be1 Re6 21. Nxe4 dxe4 22. Qe2 Qd5
23. Ra5 f5 24. Rba1 $16 {1-0 Asis Gargatagli,H (2374)-Corrales Jimenez,F (2499)
/Barbera del Valles 2007/CBM 119 ext (41)}) (13. Na4 $5) 13... Nb6 (13... a5 $5
) 14. Be2 Qe7 15. O-O Be6 16. Qb2 cxd4 17. exd4 Bd6 18. Rfe1 Rac8 19. Bd3 Qb7 (
19... Nc4 20. Bxc4 Rxc4 21. Nf5 Qd8 22. Nxd6 Qxd6 23. Ra6 Qc7 24. h3 $14 Rxd4
25. Be3) (19... Bb8 $5 {[%cal Yb6c4]} 20. Bg5 $140 (20. Nce2 Nc4) 20... h6) 20.
Bg5 Nfd7 21. Nce2 Nc4 22. Qb1 h6 23. Bf4 $1 {The exchange of these bishops is
clearly favourable for White.} Be7 (23... Ndb6 {may be the lesser evil after
all.}) 24. Nf5 Bf6 $6 {Surprisingly,} (24... Bxf5 25. Bxf5 Bd6 $5 {deserved
attention as after getting rid of the "bad" bishop this bishop exchange
becomes quite satisfactory for Black.}) 25. Neg3 Bxf5 $6 {It was already very
difficult to defend.} (25... Rce8 {may be more stubborn.}) 26. Nxf5 Ndb6 27.
Qd1 $1 {[%mdl 128] Black's king is almost naked, and White starts a decisive
attack.} Rfe8 (27... Nb2 28. Nxh6+ $1 gxh6 29. Qg4+ Bg7 (29... Kh8 30. Qf5 Nxd3
31. Qxf6+ Kh7 32. Qxh6+ Kg8 33. Qg5+ Kh7 34. Qh5+ Kg8 35. Bh6 f6 36. Re3 $18)
30. Bf5 (30. Bxh6 f5 31. Bxf5 {is quite good, too}) 30... Kh8 31. Qh4 $18 {
[%cal Rf4h6,Re1e7]}) 28. Qg4 Kf8 29. Bd6+ Nxd6 30. Nxd6 Rxe1+ 31. Rxe1 Qc7 32.
Qxc8+ $5 Qxc8 33. Nxc8 Nxc8 {The rest is clear.} 34. Be2 Nd6 35. Ra1 Bxd4 36.
Rd1 Bb6 37. Rxd5 Ke7 38. g3 g6 39. Kg2 Ke6 40. Rd1 h5 41. Bd3 Ke7 42. Re1+ Kf6
43. f4 Kg7 44. Kf3 Kf6 45. Re5 Bg1 46. h3 Bb6 47. g4 hxg4+ 48. hxg4 Kg7 49. Rd5
Bc7 50. Rc5 Bb6 51. Rc6 Ne8 52. g5 Kf8 53. Ke4 Ke7 54. Rc2 Nc7 55. Bc4 Ne8 56.
Kd5 Kd7 57. Rh2 Be3 58. b6 Nd6 59. bxa7 Bxa7 60. Bd3 Be3 61. Ke5 Ke7 62. Rh7
Bc1 63. Bxg6 Bb2+ 64. Kd5 Bc1 65. Bxf7 1-0

[Event "Moscow Aeroflot op-A 11th"]
[Site "Moscow"]
[Date "2012.02.09"]
[Round "3"]
[White "Caruana, Fabiano"]
[Black "Iturrizaga Bonelli, Eduardo"]
[Result "1-0"]
[WhiteElo "2736"]
[BlackElo "2649"]
[Annotator "CB"]
[PlyCount "119"]
[EventDate "2012.02.07"]
[EventType "swiss"]
[EventRounds "9"]
[EventCountry "RUS"]
[SourceTitle "CBM 147"]
[Source "ChessBase"]
[SourceDate "2012.03.16"]
[SourceVersion "1"]
[SourceVersionDate "2012.03.16"]
[SourceQuality "1"]

1. e4 c6 2. d4 d5 3. e5 Bf5 4. Nf3 e6 5. Be2 c5 6. Be3 cxd4 7. Nxd4 Ne7 8. Nd2
Nbc6 9. N2f3 Bg4 10. O-O Bxf3 11. Nxf3 Qc7 12. Rc1 Rd8 ({Taking is very
dangerous and is similar to the suicidal lines in the French Bd3 Advance.} 
12... Nxe5 $2 13. Nxe5 Qxe5 14. c4 Nc6 15. Bf3 {and now} Bd6 {is answered with
the very unpleasant} 16. g3 {threatening Bf4, picking up the bishop.} Qf6 17.
cxd5 exd5 18. Bxd5 $16) 13. c4 $146 (13. c3 Ng6 14. Qa4 Be7 15. c4 O-O 16. cxd5
Rxd5 17. Qxa7 Rc8 18. Qa4 Ngxe5 19. b4 Ng4 20. b5 Nxe3 21. fxe3 Bc5 22. Rxc5
Rxc5 23. bxc6 Qxc6 24. Qb4 g6 25. h4 Rc1 26. Ne5 Qc5 27. Qf4 Rxf1+ 28. Bxf1 Qe7
29. Bc4 Rc5 30. Bb3 Qc7 31. Nf3 Qxf4 32. exf4 Kg7 33. Kf2 h6 34. Ke3 Kf6 35.
Ke4 Ke7 36. Kd4 Rc1 37. g4 {1/2-1/2 (77) Giri,A (2714)-Wojtaszek,R (2705)
Porto Carras 2011}) 13... d4 {Black's most ambitious reply.} 14. Bf4 h6 15. h3
g5 16. Bh2 Bg7 17. Bd3 Ng6 {Black is anything if not consistent.} 18. Qe2 Ngxe5
19. Kh1 $1 {This king move highlights some of the problem. Black got his pawn,
but the knight is pinned, with no saving Nxf3 check to escape with.} f6 20.
Nxe5 Nxe5 21. Rce1 Qe7 22. Bxe5 fxe5 {Black has secured his pawn, but
strategically his position is very difficult, and Caruana has ample
compensation. White has superb control of the light squares, has two pawn
islands to Black's three, and a 3-2 majority on the queenside.} 23. Bg6+ Kd7
24. Rc1 Rc8 25. Rfd1 Rc7 26. Rd3 Rf8 27. Be4 b5 28. Rb3 Rb8 29. Rc2 b4 30. a3
Qc5 31. Qh5 Kd6 32. Qg6 a5 33. axb4 Rxb4 34. Rxb4 axb4 35. b3 Ra7 36. Rd2 ({
The immediate} 36. Bf5 $1 {was best.} Re7 37. Bxe6 $1 Rxe6 38. Qxg7 e4 39. Qf8+
Re7 40. Ra2 $18 {and Black's exposed king is decisive.}) 36... Qc7 37. c5+ $1
Qxc5 38. Rc2 Qb5 39. Rc6+ {Winning the queen.} Qxc6 40. Bxc6 Kxc6 41. Qxe6+ Kb5
42. Qc4+ Kb6 43. Qxb4+ {Black's uncoordinated forces cannot fight the powerful
queen and passed pawn.} Kc6 44. Qc4+ Kd6 45. Qd3 Re7 46. f3 e4 47. fxe4 Rc7 48.
Kg1 Rc3 49. Qa6+ Ke5 50. Qg6 Rc7 51. Qf5+ Kd6 52. Qd5+ Ke7 53. e5 Rd7 54. Qc5+
Kf7 55. Qc4+ Kf8 56. e6 Re7 57. Qc8+ Re8 58. Qd7 Re7 59. Qd8+ Re8 60. Qd6+ 1-0